宇都宮市の公立中学校 - Statistics

General Stats
  • This quiz has been taken 30 times
  • The average score is 19 of 25
Answer Stats
中学校名 % Correct
陽東
100%
陽西
95%
陽南
95%
陽北
90%
85%
一条
85%
雀宮
85%
瑞穂野
85%
清原
80%
城山
80%
星が丘
80%
泉が丘
75%
河内
75%
鬼怒
75%
国本
75%
姿川
75%
宮の原
75%
晃陽
70%
横川
70%
若松原
70%
上河内
65%
田原
65%
豊郷
65%
宝木
60%
古里
60%
No matching quizzes found
Score Distribution
Percent of People with Each Score
Percentile by Number Answered
Your Score History
You have not taken this quiz